Tratado de electricidad
Uloženo v:
| Hlavní autor: | |
|---|---|
| Médium: | Kniha |
| Jazyk: | španělština |
| Vydáno: |
Ciudad de México
Gustavo Gili
1963
|
| Vydání: | 3a. ed |
| Témata: | |
| Tagy: |
Přidat tag
Žádné tagy, Buďte první, kdo vytvoří štítek k tomuto záznamu!
|
MARC
| LEADER | 00000nam a2200000 a 4500 | ||
|---|---|---|---|
| 001 | UCL5693 | ||
| 003 | CL-VaPUC | ||
| 008 | 040319e19630000MX |||||||||||||||||spa|d | ||
| 082 | 0 | 4 | |a 621.3 |b DAW |2 21 |
| 100 | 0 | |a Dawes, Chester Laurens |e author |9 483382 | |
| 245 | 1 | 0 | |a Tratado de electricidad |
| 250 | |a 3a. ed | ||
| 300 | |a v | ||
| 942 | |c BK | ||
| 945 | |d 20040319 00:00:00 |a vberengu | ||
| 260 | |a Ciudad de México |b Gustavo Gili |c 1963 | ||
| 500 | |a v.1: Corriente continua | ||
| 650 | 0 | |a Electricidad |9 260222 | |
| 650 | 7 | |a CORRIENTES CONTINUAS |2 CL-VaPUC |9 324433 | |
| 650 | 0 | |a Corrientes eléctricas |9 354960 | |
| 650 | 7 | |a RESISTENCIAS ELECTRICAS |2 CL-VaPUC |9 263527 | |
| 650 | 0 | |a Electromagnetismo |9 260123 | |
| 650 | 7 | |a GENERADORES ROTATORIOS |2 CL-VaPUC |9 483383 | |
| 583 | |a last modification |c 20040319 00:00:00 |k Rodrigo Vera | ||
| 999 | |c 308134 |d 308132 | ||